000 00295nam a22001337a 4500
008 180316b xxu||||| |||| 00| 0 eng d
020 _a9780534356767
041 _aeng
080 _28th
_a311
100 _a55
101 _aSTA
245 _aElementary statistics
_cJohnson,R
942 _2udc
_cBK
999 _c45256
_d45256